Stephen Hawking : una vida para la ciencia / [por] Michael White ; tr. por Domingo Santos

Збережено в:
Бібліографічні деталі
Автор: White, Michael (autor)
Формат: Книга
Предмети:
Теги: Додати тег
Немає тегів, Будьте першим, хто поставить тег для цього запису!

MARC

LEADER 00000nam^a2200000^u^4500
001 000544278
005 20250521000000.0
008 060220s1000^^^^^^^^^^^^r^^^^^000^0^spa^d
009 20260310131324.811
035 |a FMI 000013408 
037 |a Acervo Xavier Clavigero 
096 |a 3.6.2/200/C 
100 |a White, Michael  |e (autor) 
245 1 0 |a Stephen Hawking : una vida para la ciencia / [por] Michael White ; tr. por Domingo Santos 
264 |a Barcelona : Plaza & Janés, 1992 
300 |a 315 p. 
336 |a texto  |b txt  |2 rdacontenido 
337 |a sin mediación  |b n  |2 rdamedio 
338 |a volumen  |b nc  |2 rdasoporte 
597 |a Trad. del inglés ("Stephen Hawking"). 
649 |a XX 
650 |a PERSONAJES CELEBRES 
910 |a Fondo Francisco Migoya Covarrubias S.J. 
920 |a Impresos - Libros 
930 |a Fondos Especiales 
905 |a 134 
901 |a SBC16020  |b IT2  |c ESP  |u 20250521 
902 |a https://opac.biblio.iteso.mx/vufind/Record/000544278